000 00684cam a22002293a 4500
001 35613
003 PGUSA
005 20140828083751.0
008 110319s2011||||xxu|||||s|||||000 | eng d
040 _aPGUSA
_beng
042 _adc
050 4 _aQB
100 1 _aPickering, Edward C.
_q(Edward Charles),
_d1846-1919
245 1 2 _aA Plan for Securing Observations of the Variable Stars
_h[electronic resource] /
_cEdward C. Pickering
260 _bProject Gutenberg,
_c2011
506 _aPublic domain in the USA.
516 _aElectronic text
653 _aVariable stars
830 0 _aProject Gutenberg
_v35613
856 4 0 _uhttp://www.gutenberg.org/ebooks/35613
942 _cEB
999 _c264868
_d264868